[Event "XII Paracin Festival 2019"]
[Site "Paracin"]
[Date "2019.07.11"]
[Round "8.30"]
[White "Tanriverdi, Enes"]
[Black "Sahil, Tickoo"]
[Result "1-0"]
[WhiteElo "2374"]
[BlackElo "2187"]
[Annotator "NA"]
[PlyCount "113"]
[EventDate "2019.07.05"]
[EventType "swiss"]
[EventCountry "SRB"]
[SourceTitle "playchess.com"]
[Source "ChessBase"]
[SourceQuality "1"]
[TimeControl "5400+30"]

1. d4 {[%emt 0:00:00]} d5 {[%emt 0:01:19]} 2. c4 {[%emt 0:00:00]} e6 {[%emt 0:00:06]} 3. Nc3 {[%emt 0:00:00]} Be7 {[%emt 0:00:14]} 4. Nf3 {[%emt 0:00:00]} Nf6 {[%emt 0:00:06]} 5. Bf4 {[%emt 0:00:00]} O-O {[%emt 0:00:13]} 6. e3 {[%emt 0:00:03]} b6 {[%emt 0:00:09]} 7. Bd3 {[%emt 0:00:07]} c5 {[%emt 0:00:06]} 8. dxc5 {[%emt 0:00:14]} bxc5 {[%emt 0:00:47]} 9. cxd5 {[%emt 0:00:38]} exd5 {[%emt 0:17:52]} 10. O-O {[%emt 0:00:13]} Nc6 {[%emt 0:00:24]} 11. Rc1 {[%emt 0:01:26]} h6 {[%emt 0:07:11]} 12. h3 {[%emt 0:00:06]} Be6 {[%emt 0:01:56]} 13. Qe2 {[%emt 0:00:23]} c4 {[%emt 0:23:32]} 14. Bb1 {[%emt 0:03:11]} d4 {[%emt 0:00:01]} 15. exd4 {[%emt 0:00:42]} Nxd4 {[%emt 0:00:01]} 16. Nxd4 {[%emt 0:00:28]} Qxd4 {[%emt 0:00:02]} 17. Be5 {[%emt 0:00:22]} Qh4 {[%emt 0:04:01]} 18. Nb5 {[%emt 0:02:20]} Rac8 {[%emt 0:24:02]} 19. Nc7 {[%emt 0:01:00]} Rxc7 {[%emt 0:00:43]} 20. Bxc7 {[%emt 0:00:14]} Bc5 {[%emt 0:04:25]} 21. Be5 {[%emt 0:08:08]} Qg5 {[%emt 0:01:41]} 22. Rc3 {[%emt 0:06:23]} Nd7 {[%emt 0:04:20]} 23. Bg3 {[%emt 0:01:26]} Bb6 {[%emt 0:04:26]} 24. Rd1 {[%emt 0:01:11]} Nf6 {[%emt 0:01:03]} 25. Qe5 {[%emt 0:01:01]} Rc8 {[%emt 0:00:02]} 26. Qxg5 {[%emt 0:00:38]} hxg5 {[%emt 0:00:01]} 27. Be5 {[%emt 0:00:21]} Nd5 {[%emt 0:00:24]} 28. Rf3 {[%emt 0:03:22]} f6 {[%emt 0:01:45]} 29. Bd4 {[%emt 0:00:17]} g4 {[%emt 0:01:44]} 30. Bf5 {[%emt 0:00:32]} Bxf5 {[%emt 0:00:32]} 31. Rxf5 {[%emt 0:00:02]} Ne7 {[%emt 0:00:09]} 32. Rf4 {[%emt 0:01:08]} Rd8 {[%emt 0:00:18]} 33. Rd2 {[%emt 0:05:07]} g3 {[%emt 0:01:32]} 34. Be3 {[%emt 0:01:43]} gxf2+ {[%emt 0:01:17]} 35. Kf1 {[%emt 0:00:11]} Rb8 {[%emt 0:00:34]} 36. Bxb6 {[%emt 0:00:22]} axb6 {[%emt 0:00:19]} 37. Rxc4 {[%emt 0:00:11]} Nf5 {[%emt 0:00:37]} 38. Kxf2 {[%emt 0:00:06]} Rb7 {[%emt 0:00:07]} 39. g4 {[%emt 0:00:18]} Ne7 {[%emt 0:00:04]} 40. a4 {[%emt 0:00:16]} Ng6 {[%emt 0:00:04]} 41. Rb4 {[%emt 0:01:10]} Ra7 {[%emt 0:00:14]} 42. b3 {[%emt 0:00:06]} Rc7 {[%emt 0:00:15]} 43. Rc4 {[%emt 0:00:56]} Rf7 {[%emt 0:00:16]} 44. Rc6 {[%emt 0:00:31]} Nf4 {[%emt 0:00:49]} 45. Rxb6 {[%emt 0:01:24]} Nxh3+ {[%emt 0:00:06]} 46. Ke3 {[%emt 0:00:13]} Ng5 {[%emt 0:00:16]} 47. Rd8+ {[%emt 0:00:50]} Kh7 {[%emt 0:00:01]} 48. a5 {[%emt 0:00:23]} Re7+ {[%emt 0:00:50]} 49. Kd3 {[%emt 0:00:12]} Ne6 {[%emt 0:00:11]} 50. Rdd6 {[%emt 0:00:52]} Nf4+ {[%emt 0:00:18]} 51. Kc4 {[%emt 0:00:06]} Re2 {[%emt 0:01:38]} 52. a6 {[%emt 0:00:16]} Ra2 {[%emt 0:00:28]} 53. Rb7 {[%emt 0:00:25]} Rc2+ {[%emt 0:00:28]} 54. Kb5 {[%emt 0:00:09]} Rc3 {[%emt 0:00:05]} 55. b4 {[%emt 0:00:10]} Ne2 {[%emt 0:00:44]} 56. a7 {[%emt 0:00:15]} Ra3 {[%emt 0:00:09]} 57. Rc7 {[%emt 0:00:14]} 1-0

[Event "XII Paracin Festival 2019"]
[Site "Paracin"]
[Date "2019.07.12"]
[Round "9.1"]
[White "Ivanisevic, Ivan"]
[Black "Ratkovic, Miloje"]
[Result "1/2-1/2"]
[WhiteElo "2612"]
[BlackElo "2416"]
[Annotator "TA"]
[PlyCount "40"]
[EventDate "2019.07.05"]
[EventType "swiss"]
[EventCountry "SRB"]
[SourceTitle "playchess.com"]
[Source "ChessBase"]
[SourceQuality "1"]

{[%evp 11,40,43,37,32,35,24,52,34,57,31,89,80,104,104,94,39,120,80,102,93,100,89,136,123,140,116,135,114,183,187,206]} 1. c4 Nf6 2. Nc3 g6 3. d4 Bg7 4. e4 d6 5. Nge2 O-O 6. Ng3 h5 7. Be2 {E70: King's Indian: Miscellaneous lines with 4 e4, including 5 Nge2 and 5 Bd3 0-0 6 Nge2} a6 (7... Nbd7 8. O-O e5 9. d5 h4 10. Nh1 Nh7 11. Be3 f5 12. exf5 gxf5 13. f4 exf4 14. Bxf4 Ne5 {½-½ (55) Schitco,I (2424)-Bacrot,E (2683) Karlsruhe 2019}) 8. Bg5 Nbd7 9. Qd2 {White is slightly better.} Nh7 $146 ({Predecessor:} 9... c6 10. O-O b5 11. cxb5 axb5 12. b4 Nb6 13. Rfc1 Be6 14. Bh6 h4 15. Nf1 Bc4 16. Bxg7 Kxg7 17. Ne3 Bxe2 18. Qxe2 Qd7 19. Rc2 {½-½ (19) Kosic,D (2528)-Antic,D (2479) Belgrade 1999}) 10. Bh6 h4 (10... Bxh6 $14 11. Qxh6 e5) 11. Nf1 e5 12. Bxg7 Kxg7 {[#]} 13. Ne3 (13. O-O-O $1 $16) 13... c6 ({Black should try} 13... Ng5 $14) 14. O-O Ndf6 15. Rad1 $36 {[%mdl 2048] Black must now prevent dxe5. White is really pushing.} Qe7 16. c5 {[%mdl 64] Deflection} dxc5 17. dxe5 Qxe5 18. f4 Qe7 19. e5 {[%mdl 1024] White has strong compensation.} Ng8 (19... Ne8 $16 20. Na4 b5) 20. Ne4 $18 h3 {Accuracy: White = 53%, Black = 12%.} 1/2-1/2

[Event "XII Paracin Festival 2019"]
[Site "Paracin"]
[Date "2019.07.12"]
[Round "9.2"]
[White "Korpa, Bence"]
[Black "Svetushkin, Dmitry"]
[Result "1/2-1/2"]
[WhiteElo "2523"]
[BlackElo "2528"]
[Annotator "ChessBase"]
[PlyCount "89"]
[EventDate "2019.07.05"]
[EventType "swiss"]
[EventCountry "SRB"]
[SourceTitle "playchess.com"]
[Source "ChessBase"]
[SourceQuality "1"]
[TimeControl "5400+30"]

1. Nf3 {[%emt 0:02:08]} d5 {[%emt 0:00:00]} 2. g3 {[%emt 0:00:07]} c6 {[%emt 0:00:02]} 3. Bg2 {[%emt 0:00:06]} Bg4 {[%emt 0:00:05]} 4. O-O {[%emt 0:00:19]} Nf6 {[%emt 0:00:21]} 5. h3 {[%emt 0:00:25]} Bh5 {[%emt 0:00:09]} 6. d4 {[%emt 0:00:15]} e6 {[%emt 0:00:08]} 7. c4 {[%emt 0:00:12]} Be7 {[%emt 0:00:07]} 8. Nc3 {[%emt 0:01:50]} Nbd7 {[%emt 0:02:02]} 9. cxd5 {[%emt 0:00:43]} cxd5 {[%emt 0:00:08]} 10. Qb3 {[%emt 0:00:29]} Qb6 {[%emt 0:01:07]} 11. Ne5 {[%emt 0:01:02]} Nxe5 {[%emt 0:07:03]} 12. dxe5 {[%emt 0:00:07]} Nd7 {[%emt 0:00:15]} 13. Be3 {[%emt 0:00:22]} Bc5 {[%emt 0:11:47]} 14. Bxc5 {[%emt 0:10:28]} Nxc5 {[%emt 0:00:07]} 15. Qxb6 {[%emt 0:15:30]} axb6 {[%emt 0:00:04]} 16. g4 {[%emt 0:13:11]} Bg6 {[%emt 0:04:28]} 17. f4 h5 18. b4 {[%emt 0:16:20]} Nd7 {[%emt 0:16:13]} 19. e4 {[%emt 0:18:14]} hxg4 {[%emt 0:01:16]} 20. exd5 {[%emt 0:01:01]} gxh3 {[%emt 0:00:27]} 21. Bf3 {[%emt 0:00:53]} h2+ {[%emt 0:07:18]} 22. Kh1 {[%emt 0:00:16]} exd5 {[%emt 0:17:35]} 23. Nxd5 {[%emt 0:02:56]} Ra3 {[%emt 0:03:50]} 24. Rac1 {[%emt 0:07:01]} Kd8 {[%emt 0:00:31]} 25. Bg2 {[%emt 0:00:20]} Bf5 {[%emt 0:08:07]} 26. Rfd1 {[%emt 0:01:17]} Rd3 {[%emt 0:04:56]} 27. Rxd3 {[%emt 0:01:10]} Bxd3 {[%emt 0:00:02]} 28. Rd1 {[%emt 0:04:27]} Bf5 {[%emt 0:04:41]} 29. Ne3 {[%emt 0:00:41]} Bh3 {[%emt 0:03:40]} 30. Bxb7 {[%emt 0:00:03]} Rh4 {[%emt 0:01:43]} 31. Rc1 {[%emt 0:00:46]} g6 {[%emt 0:02:40]} 32. Rc8+ {[%emt 0:02:02]} Ke7 {[%emt 0:00:03]} 33. Nd5+ {[%emt 0:00:24]} Ke6 {[%emt 0:00:07]} 34. Ne3 {[%emt 0:00:06]} Ke7 {[%emt 0:01:11]} 35. Nd5+ {[%emt 0:00:28]} Ke6 {[%emt 0:00:03]} 36. Kxh2 {[%emt 0:00:27]} g5 {[%emt 0:02:44]} 37. Kg3 {[%emt 0:00:15]} f6 {[%emt 0:01:27]} 38. exf6 {[%emt 0:01:23]} Bf5 {[%emt 0:01:02]} 39. fxg5 {[%emt 0:00:56]} Rg4+ {[%emt 0:00:07]} 40. Kf2 {[%emt 0:00:06]} Rxg5 {[%emt 0:00:14]} 41. Re8+ {[%emt 0:00:36]} Kf7 {[%emt 0:01:39]} 42. Re7+ {[%emt 0:00:11]} Kf8 {[%emt 0:00:01]} 43. Re3 {[%emt 0:00:42]} Bb1 {[%emt 0:00:39]} 44. Bc6 {[%emt 0:00:40]} Ne5 {[%emt 0:00:48]} 45. Nxb6 {[%emt 0:00:59]} 1/2-1/2

[Event "XII Paracin Festival 2019"]
[Site "Paracin"]
[Date "2019.07.12"]
[Round "9.3"]
[White "Tan, Justin"]
[Black "Bashirli, Nail"]
[Result "0-1"]
[WhiteElo "2513"]
[BlackElo "2367"]
[Annotator "ChessBase"]
[PlyCount "140"]
[EventDate "2019.07.05"]
[EventType "swiss"]
[EventCountry "SRB"]
[SourceTitle "playchess.com"]
[Source "ChessBase"]
[SourceQuality "1"]
[TimeControl "5400+30"]

1. d4 Nf6 2. c4 e6 3. Nc3 Bb4 4. e3 c5 5. Bd3 d5 6. cxd5 exd5 7. dxc5 O-O 8. Nge2 Nc6 9. O-O Bxc5 10. b3 Re8 11. Bb2 Bg4 12. h3 Bh5 13. Qd2 Ne4 14. Nxe4 dxe4 15. Qc3 Bf8 16. Bc4 Ne5 17. Nf4 Qg5 18. Kh1 Rac8 19. Qa5 Rc5 20. Qa4 Nc6 21. g4 Bg6 22. Be2 Ra5 23. Qc4 Rc5 24. Qa4 Bd6 25. Ba3 Ra5 26. Bxd6 Rxa4 27. bxa4 Ne5 28. Rfd1 Nd3 29. Kg2 Qf6 30. Bc7 Rc8 31. Bxd3 exd3 32. Rac1 Be4+ 33. f3 Bc6 34. Ba5 h6 35. Nd5 Qb2+ 36. Bd2 Re8 37. Rb1 Qxa2 38. Nc3 Qe6 39. e4 Rc8 40. a5 Qe5 41. Ra1 Bd7 42. Rdc1 Rc4 43. Ra3 Rb4 44. Nd1 Rxe4 45. fxe4 Qxe4+ 46. Kg3 Qe2 47. Ra2 Be6 48. Nc3 Qe5+ 49. Bf4 Qd4 50. Rf2 b6 51. axb6 axb6 52. Bd2 Qd6+ 53. Bf4 Qd4 54. Bd2 Bc4 55. Rf4 Qe5 56. Re1 Qb8 57. Kg2 b5 58. Rb1 Qa8+ 59. Kf2 Qa7+ 60. Kg2 Qb7+ 61. Kf2 Qb6+ 62. Kg2 Qc6+ 63. Kg3 Qd6 64. Kg2 Kh7 65. h4 Qc6+ 66. Kg3 Qc5 67. h5 Qe5 68. Kh3 Qc5 69. Rf5 Qe7 70. Rf4 b4 0-1

[Event "XII Paracin Festival 2019"]
[Site "Paracin"]
[Date "2019.07.12"]
[Round "9.4"]
[White "Song, Raymond"]
[Black "Gadimbayli, Abdulla"]
[Result "1-0"]
[WhiteElo "2456"]
[BlackElo "2414"]
[Annotator "RC"]
[PlyCount "71"]
[EventDate "2019.07.05"]
[EventType "swiss"]
[EventCountry "SRB"]
[SourceTitle "playchess.com"]
[Source "ChessBase"]
[SourceQuality "1"]
[TimeControl "5400+30"]

1. e4 {[%emt 0:00:00]} e6 {[%emt 0:10:44]} 2. d4 {[%emt 0:00:00]} d5 {[%emt 0:00:04]} 3. Nc3 {[%emt 0:00:00]} h6 {[%emt 0:00:04]} 4. a3 {[%emt 0:00:00]} dxe4 {[%emt 0:10:00]} 5. Nxe4 {[%emt 0:00:00]} Bd7 {[%emt 0:00:04]} 6. Nf3 {[%emt 0:00:29]} Bc6 {[%emt 0:03:50]} 7. Bd3 {[%emt 0:00:36]} Nd7 {[%emt 0:00:06]} 8. O-O {[%emt 0:00:26]} Ngf6 {[%emt 0:00:28]} 9. Ng3 {[%emt 0:00:59]} Bd6 {[%emt 0:06:47]} 10. Re1 {[%emt 0:00:13]} Bxg3 {[%emt 0:12:27]} 11. hxg3 {[%emt 0:00:03]} O-O {[%emt 0:00:06]} 12. c4 {[%emt 0:02:34]} b6 {[%emt 0:09:52]} 13. Bf4 {[%emt 0:00:57]} Bb7 {[%emt 0:02:58]} 14. Qd2 {[%emt 0:00:36]} Ng4 {[%emt 0:03:01]} 15. Bc2 {[%emt 0:02:20]} Re8 {[%emt 0:06:36]} 16. Rad1 {[%emt 0:00:17]} Nf8 {[%emt 0:10:16]} 17. Qc3 {[%emt 0:00:08]} Qd7 {[%emt 0:01:44]} 18. b4 {[%emt 0:01:44]} a5 {[%emt 0:02:33]} 19. b5 {[%emt 0:00:55]} c6 {[%emt 0:08:54]} 20. bxc6 {[%emt 0:01:08]} Bxc6 {[%emt 0:01:24]} 21. Qb3 {[%emt 0:04:18]} b5 {[%emt 0:03:27]} 22. cxb5 {[%emt 0:00:04]} Bd5 {[%emt 0:02:19]} 23. Qb2 {[%emt 0:00:12]} Qb7 {[%emt 0:00:29]} 24. b6 {[%emt 0:00:52]} Nd7 {[%emt 0:01:46]} 25. Rb1 {[%emt 0:00:31]} Rec8 {[%emt 0:01:48]} 26. Bc7 {[%emt 0:00:19]} Ndf6 {[%emt 0:00:40]} 27. Ba4 {[%emt 0:01:50]} Ne4 {[%emt 0:00:24]} 28. Re2 {[%emt 0:01:16]} Rxc7 {[%emt 0:00:21]} 29. bxc7 {[%emt 0:00:07]} Qxc7 {[%emt 0:00:03]} 30. Rc2 {[%emt 0:04:33]} Qe7 {[%emt 0:00:53]} 31. Ne5 {[%emt 0:00:27]} Nxe5 {[%emt 0:00:13]} 32. dxe5 {[%emt 0:00:02]} Nc5 {[%emt 0:00:01]} 33. Rbc1 {[%emt 0:02:19]} Nxa4 {[%emt 0:01:32]} 34. Rc8+ {[%emt 0:00:06]} Kh7 {[%emt 0:00:32]} 35. Qb1+ {[%emt 0:00:39]} g6 {[%emt 0:00:01]} 36. R1c7 {[%emt 0:00:13]} 1-0

[Event "XII Paracin Festival 2019"]
[Site "Paracin"]
[Date "2019.07.12"]
[Round "9.5"]
[White "Stojanovic, Mihajlo"]
[Black "Sanal, Vahap"]
[Result "0-1"]
[WhiteElo "2483"]
[BlackElo "2520"]
[Annotator "TA"]
[PlyCount "42"]
[EventDate "2019.07.05"]
[EventType "swiss"]
[EventCountry "SRB"]
[SourceTitle "playchess.com"]
[Source "ChessBase"]
[SourceQuality "1"]

{[%evp 15,42,0,14,-4,0,-50,-52,-55,0,0,33,26,18,8,26,0,-5,-14,-22,-23,-23,-27,-26,-290,-274,-391,-401,-365,-393]} 1. Nf3 d5 2. d4 Nf6 3. c4 e6 4. Nc3 c6 5. e3 Nbd7 6. Qc2 Bd6 7. Bd3 dxc4 8. Bxc4 b5 {[%cal Bb7b5,Bb5b4][%mdl 32]} 9. Bd3 {D46: Semi-Slav: 5 e3 Nbd7 6 Bd3, Black avoids the Meran} (9. Be2 O-O 10. O-O Bb7 11. Rd1 Qc7 12. Bd2 e5 13. Rac1 a6 14. b4 Rfe8 15. Bd3 h6 16. Ne4 Nxe4 17. Bxe4 exd4 18. Nxd4 Ne5 19. Nf5 Bf8 20. Bc3 {1-0 (45) Hawkins,J (2567)-Fressinet,L (2640) England 2019}) 9... Bb7 10. a4 b4 11. Ne4 {Black is slightly better.} Be7 (11... Nxe4 $15 12. Bxe4 Rc8) 12. O-O $11 O-O 13. Nxf6+ Nxf6 14. e4 h6 15. Be3 $146 ({Predecessor:} 15. e5 Nd7 16. Bh7+ Kh8 {½-½ (51) Zysk,R (2412)-Tepelenis,N (2106) Porto Rio 2014}) 15... Rc8 16. Rfd1 c5 $36 {[%mdl 2048] Black has good play.} 17. dxc5 Ng4 18. Bd4 {Black must now prevent e5.} e5 {[%mdl 64] [#] Deflection, Decoy} 19. Nxe5 $2 {[%mdl 8192]} (19. h3 $1 $11 {and White has nothing to worry.}) 19... Nxe5 $19 ({Stronger than} 19... Qxd4 20. Nxg4 Qxc5 21. Qxc5 $11) 20. Bxe5 (20. Be2 $142 Qc7 21. Be3) 20... Rxc5 {[%mdl 64] Double Attack} 21. Bc4 Qc8 {Accuracy: White = 33%, Black = 80%.} 0-1

[Event "XII Paracin Festival 2019"]
[Site "Paracin"]
[Date "2019.07.12"]
[Round "9.6"]
[White "Perunovic, Milos"]
[Black "Pikula, Dejan"]
[Result "1-0"]
[WhiteElo "2597"]
[BlackElo "2447"]
[Annotator "TA"]
[PlyCount "75"]
[EventDate "2019.07.05"]
[EventType "swiss"]
[EventCountry "SRB"]
[SourceTitle "playchess.com"]
[Source "ChessBase"]
[SourceQuality "1"]

{[%evp 12,75,38,6,42,54,59,49,64,57,66,34,103,95,100,99,121,104,112,106,175,161,161,111,108,114,106,106,147,118,159,158,160,153,147,145,159,144,154,152,142,148,147,152,136,147,157,141,166,134,187,184,197,179,260,227,235,249,270,270,256,265,276,275,357,357]} 1. e4 c5 2. Nf3 e6 3. d4 cxd4 4. Nxd4 a6 5. c4 Nf6 6. Nc3 Bb4 7. Qf3 d6 {B41: Sicilian: Kan Variation: 5 c4} 8. Nc2 Bc5 9. Be3 $146 ({Predecessor:} 9. b4 Ba7 10. Bf4 e5 11. Bg5 Nbd7 12. Be2 h6 13. Be3 Nf8 14. Bxa7 Rxa7 15. Qe3 {½-½ (55) Dominguez Perez,L (2719)-Rublevsky,S (2702) Almaty 2008}) 9... Nc6 {White is slightly better.} 10. O-O-O {[#] Black must now prevent Bxc5.} Qe7 11. g4 O-O (11... h5 $14) 12. g5 $16 Nd7 13. Qg3 Nb4 14. Nd4 Rd8 15. h4 Nf8 (15... Nc6 $16 {was necessary.}) 16. a3 Nc6 17. Nxc6 Bxe3+ 18. Qxe3 bxc6 19. f4 Rb8 20. Rh2 a5 21. Rhd2 Qc7 22. h5 d5 23. exd5 exd5 24. cxd5 cxd5 25. Rxd5 Bg4 26. Rxd8 Rxd8 27. Rxd8 Qxd8 28. Be2 Bxe2 29. Qxe2 h6 30. gxh6 gxh6 (30... Qf6 $16 {keeps fighting.}) 31. Qg2+ $18 Kh7 32. Qd5 Qf6 (32... Qc7 {was called for.} 33. f5 Kg7) 33. Qe4+ Kg8 34. Nd5 Qh4 35. Ne7+ Kh8 36. Nf5 Qg4 37. Nxh6 Qxh5 38. Qe5+ {Accuracy: White = 85%, Black = 40%.} 1-0

[Event "XII Paracin Festival 2019"]
[Site "Paracin"]
[Date "2019.07.12"]
[Round "9.7"]
[White "Djordjevic, Vuk"]
[Black "Vishnu Prasanna. V"]
[Result "0-1"]
[WhiteElo "2412"]
[BlackElo "2505"]
[Annotator "TA"]
[PlyCount "76"]
[EventDate "2019.07.05"]
[EventType "swiss"]
[EventCountry "SRB"]
[SourceTitle "playchess.com"]
[Source "ChessBase"]
[SourceQuality "1"]

{[%evp 9,76,-18,-16,-14,-10,-16,-14,-29,-24,-31,-31,-29,-14,-59,-30,-62,-60,-76,-70,-99,-96,-92,-94,-93,-97,-83,-79,-79,-79,-79,-79,-79,-79,-79,-79,-79,-75,-75,-82,-86,0,0,0,-118,-110,-106,-87,-86,-75,-89,-97,-116,-136,-134,-146,-154,-150,-156,-161,-140,-142,-496,-495,-671,-666,-664,-655,-650,-647]} 1. d4 Nf6 2. Bg5 c5 3. Bxf6 gxf6 4. dxc5 Na6 5. c3 Nxc5 6. Nd2 {A45: Trompowsky Attack} f5 7. Ngf3 Bg7 8. g3 {The position is equal.} d5 9. Bg2 e6 10. O-O Bd7 $146 ({Predecessor:} 10... O-O 11. Nd4 Bd7 12. e3 {½-½ (56) Teske,H (2486)-Gallagher,J (2516) Germany 2002}) 11. Qc1 Qb6 12. Nd4 Rc8 13. N2b3 Ne4 $1 14. Bxe4 fxe4 15. Qe3 f5 16. Nc2 Qxe3 17. Nxe3 Ke7 18. f4 b5 19. Nc2 Bf6 20. Kf2 Rhg8 21. Rg1 Rg7 22. a3 Kd6 23. Ne3 h5 24. Rad1 b4 ({Black should try} 24... Rcg8 $17) 25. axb4 $11 Ba4 26. Nc5 (26. Rxd5+ $1 $11 {was the only way to keep the balance.} exd5 27. Nxf5+ Kc6 28. Nc5 e3+ 29. Kf3) 26... Bxd1 $17 27. Rxd1 {[#]} a5 $1 {[%mdl 512] ...axb4 is the strong threat.} 28. Nc4+ {[%mdl 64] [#] Double Attack} (28. bxa5 Kxc5) 28... Ke7 $1 29. Nxa5 h4 30. Ra1 hxg3+ 31. hxg3 {[#]} d4 $1 32. Nab3 dxc3 33. bxc3 Bxc3 34. Ra6 Rg6 ({Don't take} 34... Bxb4 35. Nxe6 Rg6 36. Nbd4 $15) 35. b5 $2 {[%mdl 8192] [#]} (35. Ra7+ $17 {is tougher.} Ke8 36. Ra6) 35... Rxc5 $1 $19 {[%mdl 512] Black is clearly winning.} 36. Ra7+ (36. Nxc5 Bd4+) 36... Kd6 37. Ra6+ Kd5 38. Nxc5 {Hoping for b6.} Bd4+ {[%mdl 64] Double Attack. Accuracy: White = 56%, Black = 87%.} ({Not} 38... Kxc5 39. Rc6+ Kd4 40. Rd6+ Kc5 41. Rc6+ Kb4 42. b6 $17) 0-1

[Event "XII Paracin Festival 2019"]
[Site "Paracin"]
[Date "2019.07.12"]
[Round "9.8"]
[White "Janzelj, Tim"]
[Black "Asadli, Vugar"]
[Result "1/2-1/2"]
[WhiteElo "2416"]
[BlackElo "2502"]
[Annotator "ChessBase"]
[PlyCount "118"]
[EventDate "2019.07.05"]
[EventType "swiss"]
[EventCountry "SRB"]
[SourceTitle "playchess.com"]
[Source "ChessBase"]
[SourceQuality "1"]
[TimeControl "5400+30"]

1. d4 {[%emt 0:01:17]} Nf6 {[%emt 0:00:00]} 2. c4 {[%emt 0:00:26]} e6 {[%emt 0:00:07]} 3. Nc3 {[%emt 0:00:22]} Bb4 {[%emt 0:00:04]} 4. Bd2 {[%emt 0:01:47]} O-O {[%emt 0:04:16]} 5. Nf3 {[%emt 0:00:17]} b6 {[%emt 0:02:08]} 6. e3 {[%emt 0:01:04]} Bb7 {[%emt 0:03:08]} 7. Bd3 {[%emt 0:00:28]} d6 {[%emt 0:01:26]} 8. O-O {[%emt 0:03:52]} Nbd7 {[%emt 0:01:53]} 9. a3 {[%emt 0:08:56]} Bxc3 {[%emt 0:00:06]} 10. Bxc3 {[%emt 0:00:01]} Qe7 {[%emt 0:09:11]} 11. Nd2 {[%emt 0:07:09]} c5 {[%emt 0:01:57]} 12. Re1 {[%emt 0:14:17]} Rfd8 {[%emt 0:00:49]} 13. e4 {[%emt 0:00:32]} cxd4 {[%emt 0:00:57]} 14. Bxd4 {[%emt 0:00:02]} e5 {[%emt 0:01:12]} 15. Bc3 {[%emt 0:00:42]} Nc5 {[%emt 0:00:42]} 16. Bc2 {[%emt 0:00:09]} Rac8 {[%emt 0:01:09]} 17. a4 {[%emt 0:03:05]} a5 {[%emt 0:00:53]} 18. f3 {[%emt 0:02:10]} Ne6 {[%emt 0:04:14]} 19. Qe2 {[%emt 0:07:37]} Nd7 {[%emt 0:07:14]} 20. Qf2 {[%emt 0:02:56]} Nf4 {[%emt 0:04:16]} 21. Rad1 {[%emt 0:00:09]} g6 {[%emt 0:01:42]} 22. Kh1 {[%emt 0:00:31]} h5 {[%emt 0:02:46]} 23. b3 {[%emt 0:03:35]} h4 {[%emt 0:00:40]} 24. Nf1 {[%emt 0:00:16]} Kg7 {[%emt 0:05:13]} 25. Ne3 {[%emt 0:00:35]} Nc5 {[%emt 0:07:10]} 26. Rd2 {[%emt 0:03:33]} Rh8 {[%emt 0:02:32]} 27. Ng4 {[%emt 0:02:39]} f6 {[%emt 0:00:10]} 28. Ne3 {[%emt 0:00:47]} Rcd8 {[%emt 0:01:29]} 29. Rb1 {[%emt 0:00:37]} Bc6 {[%emt 0:00:44]} 30. Ba1 {[%emt 0:05:07]} Qc7 {[%emt 0:01:38]} 31. Qf1 {[%emt 0:00:51]} Na6 {[%emt 0:01:28]} 32. Bc3 {[%emt 0:00:52]} Bb7 {[%emt 0:01:05]} 33. Rbd1 {[%emt 0:01:47]} Kf7 {[%emt 0:02:05]} 34. Bb2 {[%emt 0:02:11]} Nb4 {[%emt 0:01:59]} 35. Bb1 {[%emt 0:01:03]} Ne6 {[%emt 0:03:27]} 36. Bc3 {[%emt 0:03:59]} Qc5 {[%emt 0:02:39]} 37. Qe1 {[%emt 0:03:39]} h3 {[%emt 0:05:44]} 38. g3 {[%emt 0:00:14]} Ng5 {[%emt 0:02:34]} 39. Qe2 {[%emt 0:00:49]} f5 {[%emt 0:01:42]} 40. Nd5 {[%emt 0:00:27]} Bxd5 {[%emt 0:00:36]} 41. exd5 {[%emt 0:00:01]} Rhe8 {[%emt 0:01:19]} 42. Rf1 {[%emt 0:08:20]} Nh7 {[%emt 0:01:12]} 43. Qe1 {[%emt 0:00:52]} Nf6 {[%emt 0:01:33]} 44. Re2 {[%emt 0:00:43]} Rh8 {[%emt 0:00:51]} 45. f4 {[%emt 0:04:30]} e4 {[%emt 0:00:37]} 46. g4 {[%emt 0:00:39]} Nxg4 {[%emt 0:01:09]} 47. Rxe4 {[%emt 0:02:35]} Nxd5 {[%emt 0:00:56]} 48. Bd4 {[%emt 0:01:34]} Qc6 {[%emt 0:00:14]} 49. cxd5 {[%emt 0:00:36]} Qxd5 {[%emt 0:00:02]} 50. Bd3 {[%emt 0:00:51]} Rc8 {[%emt 0:01:58]} 51. Bc4 {[%emt 0:00:50]} Rxc4 {[%emt 0:00:03]} 52. bxc4 {[%emt 0:00:03]} Qc6 {[%emt 0:00:02]} 53. Bxh8 {[%emt 0:00:43]} fxe4 {[%emt 0:00:02]} 54. Qe2 {[%emt 0:01:18]} e3+ {[%emt 0:00:35]} 55. Kg1 {[%emt 0:00:06]} Nf2 {[%emt 0:00:16]} 56. Rxf2 {[%emt 0:00:14]} exf2+ {[%emt 0:00:01]} 57. Kxf2 {[%emt 0:00:34]} Qg2+ {[%emt 0:00:16]} 58. Ke3 {[%emt 0:00:22]} Qg1+ {[%emt 0:00:04]} 59. Kf3 {[%emt 0:00:11]} Qh1+ {[%emt 0:11:18] Ke4} 1/2-1/2